Indikátory včasného varovania v bankových systémoch vybraných krajín Eurozóny dizertačná práca

Gespeichert in:
Bibliographische Detailangaben
1. Verfasser: Košťálová, Zuzana
Körperschaft: Národohospodárska fakulta EU. Katedra bankovníctva a medzinárodných financií
Weitere Verfasser: Horvátová, Eva, 1958-
Format: Buch
Sprache:Slowakisch
Veröffentlicht: Bratislava 2020
Schlagworte:
Tags: Tag hinzufügen
Keine Tags, Fügen Sie das erste Tag hinzu!

MARC

LEADER 00000nbm a2200000 4500
001 0268019
005 20230302102212.8
041 0 |a slo 
044 |a SK 
245 1 0 |a Indikátory včasného varovania v bankových systémoch vybraných krajín Eurozóny  |b dizertačná práca  |c Zuzana Košťálová ; školiteľ: Eva Horvátová 
264 1 |a Bratislava  |c 2020 
300 |a 135 s. 
610 2 0 |a systém bankový neformálny 
610 2 0 |a sektor finančný 
610 2 0 |a kríza banková 
610 2 0 |a eurozóna 
100 1 |a Košťálová, Zuzana 
700 1 |a Horvátová, Eva, 1958- 
710 2 |a Národohospodárska fakulta EU. Katedra bankovníctva a medzinárodných financií